[Event "Copa Mercosur 2009 - ITT"]
[Site "Villa Martelli ARG"]
[Date "2009.08.04"]
[Round "1.4"]
[White "Rey Besada, Fernando"]
[Black "Della Morte, German"]
[Result "1/2-1/2"]
[WhiteElo "2205"]
[BlackElo "2372"]
[PlyCount "54"]
[EventDate "2009.08.04"]
[EventType "tourn"]
[EventRounds "9"]
[EventCountry "ARG"]
[EventCategory "2"]
[Source "lmi"]
[SourceDate "2009.08.04"]

1. e4 e5 2. Nf3 Nc6 3. Bb5 a6 4. Ba4 Nf6 5. O-O Be7 6. Re1 b5 7. Bb3 d6 8. c3
O-O 9. h3 Nd7 10. d4 Bf6 11. d5 Ne7 12. a4 Bb7 13. axb5 axb5 14. Rxa8 Qxa8 15.
Na3 Ba6 16. Nh2 Ng6 17. Ng4 Be7 18. Ne3 Rb8 19. Nec2 Bc8 20. Nb4 Nc5 21. Nc6
Nxb3 22. Qxb3 Rb7 23. Nxb5 Qa6 24. c4 Bd7 25. Qa3 Qxa3 26. Nxa3 Bxc6 27. dxc6
Rb6 1/2-1/2

[Event "Copa Mercosur 2009 - ITT"]
[Site "Villa Martelli ARG"]
[Date "2009.08.05"]
[Round "2.3"]
[White "Barrionuevo, Pablo"]
[Black "Rey Besada, Fernando"]
[Result "1/2-1/2"]
[WhiteElo "2328"]
[BlackElo "2205"]
[PlyCount "32"]
[EventDate "2009.08.04"]
[EventType "tourn"]
[EventRounds "9"]
[EventCountry "ARG"]
[EventCategory "2"]
[Source "lmi"]
[SourceDate "2009.08.04"]

1. d4 d5 2. c4 e6 3. Nc3 Bb4 4. Nf3 Nf6 5. cxd5 exd5 6. Bg5 Nbd7 7. Qc2 c5 8.
dxc5 O-O 9. Bd2 Nxc5 10. e3 Bg4 11. a3 Bxc3 12. Bxc3 Nce4 13. h3 Bxf3 14. gxf3
Nxc3 15. Qxc3 d4 16. Qxd4 Qxd4 1/2-1/2

[Event "Copa Mercosur 2009 - ITT"]
[Site "Villa Martelli ARG"]
[Date "2009.08.07"]
[Round "3.1"]
[White "Diaz Hollemaert, Nahuel"]
[Black "Zuriel, Marisa"]
[Result "1-0"]
[WhiteElo "2441"]
[BlackElo "2200"]
[PlyCount "64"]
[EventDate "2009.08.04"]
[EventType "tourn"]
[EventRounds "9"]
[EventCountry "ARG"]
[EventCategory "2"]
[Source "lmi"]
[SourceDate "2009.08.04"]

1. Nf3 g6 2. d4 Bg7 3. g3 d6 4. Bg2 Nd7 5. O-O e5 6. c4 Ne7 7. Nc3 O-O 8. e4 h6
9. Be3 f5 10. dxe5 dxe5 11. Qd2 fxe4 12. Nxe4 Nf5 13. Rad1 Nxe3 14. Qxe3 Qe7
15. Rfe1 a5 16. c5 a4 17. Nh4 Kh7 18. Qd3 Qf7 19. Qc2 Nf6 20. Nxf6+ Qxf6 21.
Be4 Bf5 22. Nxf5 gxf5 23. Bxb7 Rab8 24. c6 e4 25. Rd7 Rf7 26. Qxa4 Rxd7 27.
cxd7 Qxb2 28. Bxe4 Qe5 29. Qd1 Rd8 30. Bb1 Rxd7 31. Qc1 Qa5 32. g4 Rf7 1-0

[Event "Copa Mercosur 2009 - ITT"]
[Site "Villa Martelli ARG"]
[Date "2009.08.07"]
[Round "3.3"]
[White "Rey Besada, Fernando"]
[Black "Espinoza Palomino, Willyam"]
[Result "0-1"]
[WhiteElo "2205"]
[BlackElo "2272"]
[PlyCount "148"]
[EventDate "2009.08.04"]
[EventType "tourn"]
[EventRounds "9"]
[EventCountry "ARG"]
[EventCategory "2"]
[Source "lmi"]
[SourceDate "2009.08.04"]

1. e4 e5 2. Nf3 Nc6 3. Bb5 a6 4. Ba4 Nf6 5. d3 b5 6. Bb3 Be7 7. O-O O-O 8. a4
Bb7 9. Re1 d6 10. Nbd2 Na5 11. Ba2 c5 12. Nf1 Qc7 13. Bd2 b4 14. Ng3 Bc8 15. h3
Rb8 16. Nh2 c4 17. Ng4 Be6 18. dxc4 Nxg4 19. hxg4 g6 20. Bh6 Rfd8 21. Nf5 Bf6
22. Ne3 Nxc4 23. Nd5 Bxd5 24. Qxd5 Rbc8 25. Bb3 Nxb2 26. Re3 Bg7 27. Rf3 Rd7
28. Bxg7 Kxg7 29. Qd2 Nc4 30. Qxb4 Qa5 31. Qxa5 Nxa5 32. Rd1 Nxb3 33. cxb3 Rb8
34. Rfd3 Rb6 35. g5 Kf8 36. Rc1 Ke7 37. Rcc3 Rdb7 38. Kf1 Rb4 39. f3 Kd7 40.
Ke2 Rb8 41. Kd2 Rh8 42. Rc1 h5 43. Kc3 Rhb8 44. Kc2 h4 45. Rh1 Rh8 46. g4 Ke6
47. Rd2 f6 48. gxf6 g5 49. Kc3 Rhb8 50. Rb2 Rd4 51. Rc2 Kxf6 52. Rhh2 a5 53.
Rhd2 Rc8+ 54. Kb2 Rxc2+ 55. Rxc2 Rd3 56. Rc8 Ke6 57. Rg8 Rxf3 58. Rxg5 Rf4 59.
Rg6+ Kd7 60. g5 Rxe4 61. Rh6 Rg4 62. g6 Kc6 63. g7 Rxg7 64. Rxh4 Kd5 65. Rh6
Rc7 66. Rh4 Rc5 67. b4 axb4 68. Kb3 Rc1 69. Kxb4 e4 70. a5 e3 71. Rh2 Kd4 72.
Ra2 Kd3 73. Ra3+ Kd2 74. Ra2+ Kd1 0-1

[Event "Copa Mercosur 2009 - ITT"]
[Site "Villa Martelli ARG"]
[Date "2009.08.08"]
[Round "4.4"]
[White "Guerrero, Alvaro"]
[Black "Rey Besada, Fernando"]
[Result "0-1"]
[WhiteElo "2257"]
[BlackElo "2205"]
[PlyCount "82"]
[EventDate "2009.08.04"]
[EventType "tourn"]
[EventRounds "9"]
[EventCountry "ARG"]
[EventCategory "2"]
[Source "lmi"]
[SourceDate "2009.08.04"]

1. d4 d5 2. c4 e6 3. Nc3 Bb4 4. Nf3 Nf6 5. Bg5 Nbd7 6. e3 c5 7. cxd5 exd5 8.
Bd3 Qa5 9. O-O c4 10. Bc2 Bxc3 11. bxc3 Qxc3 12. Qb1 O-O 13. a4 Qa5 14. Ne5 h6
15. Bh4 Nxe5 16. dxe5 Ng4 17. Bg3 Re8 18. Rd1 Nxe5 19. Rd4 Nc6 20. Rh4 Qc3 21.
Qc1 d4 22. Ra3 Qb4 23. f3 Qb6 24. Be4 d3 25. Ra1 Be6 26. Rb1 Qd8 27. Rxb7 Na5
28. Rb1 Rc8 29. Qc3 Nb3 30. Bb7 Rc5 31. Rd1 Qf6 32. Be1 d2 33. Qxf6 dxe1=Q+ 34.
Rxe1 gxf6 35. Be4 Rd8 36. Kf2 c3 37. Bc2 Rd2+ 38. Re2 Rcd5 39. Bxb3 Rxe2+ 40.
Kxe2 Rd2+ 41. Ke1 Bxb3 0-1

[Event "Copa Mercosur 2009 - ITT"]
[Site "Villa Martelli ARG"]
[Date "2009.08.10"]
[Round "6.3"]
[White "Guerrero, Alvaro"]
[Black "De Dovitiis, Alejo"]
[Result "1-0"]
[WhiteElo "2257"]
[BlackElo "2351"]
[PlyCount "146"]
[EventDate "2009.08.04"]
[EventType "tourn"]
[EventRounds "9"]
[EventCountry "ARG"]
[EventCategory "2"]
[Source "lmi"]
[SourceDate "2009.08.04"]

1. d4 d6 2. c4 e5 3. d5 f5 4. Nc3 Nf6 5. Nf3 g6 6. e3 Bg7 7. Be2 O-O 8. O-O a5
9. a3 h6 10. Bd2 g5 11. Ne1 f4 12. Nc2 a4 13. Nb4 Bd7 14. Kh1 Qe8 15. Nb5 Bxb5
16. cxb5 Nbd7 17. Rc1 Nc5 18. Rc2 Qg6 19. f3 h5 20. Bc1 Rf7 21. Bc4 Nfd7 22.
Bd3 Qh6 23. Re2 Raf8 24. Bc2 Ra8 25. Rfe1 Qf6 26. Nd3 Bh6 27. Nf2 Kh8 28. exf4
gxf4 29. Ne4 Nxe4 30. Rxe4 Nc5 31. Rc4 Rg7 32. Re2 Rag8 33. Bd2 Qf7 34. Bc3 b6
35. Bb4 h4 36. h3 Nb3 37. Bc3 Qd7 38. Bxb3 axb3 39. Rc6 Rg3 40. Kh2 Qg7 41. Qf1
Kh7 42. Qb1+ Kh8 43. Qf1 Kh7 44. Kh1 Qf7 45. Qb1+ R8g6 46. Be1 Qxd5 47. Bxg3
hxg3 48. Rxc7+ Bg7 49. Re1 Qxb5 50. Rec1 Kh6 51. h4 Rf6 52. Ra7 e4 53. Qxe4 Qh5
54. Kg1 Qxh4 55. Rc8 Qh2+ 56. Kf1 Qh1+ 57. Ke2 Qxg2+ 58. Kd1 Qf1+ 59. Kd2 Qf2+
60. Kd1 g2 61. Rxg7 g1=Q+ 62. Rxg1 Qxg1+ 63. Ke2 Qg7 64. Rc1 Qg2+ 65. Kd3 Kg5
66. Qd5+ Kh4 67. Kc3 Rg6 68. Kxb3 Kg3 69. Rc3 Qe2 70. Qh5 Qe6+ 71. Kc2 Qf6 72.
Kb1 Rg5 73. Qh1 Rc5 1-0